000 00456nam a2200181Ia 4500
001 10645
003 GE_BSU
008 181216s||||||||xx |||||||||||||| ||und||
040 _cGE_BSU
245 _aSQL Server. №6.(162). Июнь.2014.
245 _bЖурнал для профессионалов.
260 _aМосква
260 _bИнфопресс.
260 _c2014.
300 _a21стр.29см.
653 _aSQL Server
942 _cCR
999 _c43896
_d43896